Catálogo público

Copeland manual de refrigeración : componentes de un sistema de refrigeración / (Record no. 177035)

MARC details
000 -CABECERA
campo de control de longitud fija 01057nam a2200289Ia 4500
001 - NÚMERO DE CONTROL
campo de control dia_5904
003 - IDENTIFICADOR DEL NÚMERO DE CONTROL
campo de control CHAP
005 - FECHA Y HORA DE LA ÚLTIMA TRANSACCIÓN
campo de control 20250130134802.0
008 - DATOS DE LONGITUD FIJA--INFORMACIÓN GENERAL
campo de control de longitud fija 220117s1972 xx 000 0 und d
010 ## - NÚMERO DE CONTROL DE LA BIBLIOTECA DEL CONGRESO
Número de control de LC 177035
040 ## - FUENTE DE LA CATALOGACIÓN
Centro/agencia transcriptor CHAP
082 ## - NÚMERO DE LA CLASIFICACIÓN DECIMAL DEWEY
Número de clasificación 621.56 G75 1972
100 ## - ENTRADA PRINCIPAL--NOMBRE DE PERSONA
Nombre de persona Grim, Jonh H.
9 (RLIN) 159985
245 ## - MENCIÓN DE TÍTULO
Título Copeland manual de refrigeración : componentes de un sistema de refrigeración /
Mención de responsabilidad, etc. John H. Grim ; traducción Alberto Barrenechea
260 ## - PUBLICACIÓN, DISTRIBUCIÓN, ETC.
Lugar de publicación, distribución, etc. México :
Nombre del editor, distribuidor, etc. Copeland,
Fecha de publicación, distribución, etc. 1972
300 ## - DESCRIPCIÓN FÍSICA
Extensión 3 v.
500 ## - NOTA GENERAL
Nota general Los ej. 2 de los v. 2 y v. 3 son material fotocopiado.
505 ## - NOTA DE CONTENIDO CON FORMATO
Nota de contenido con formato v.Principios de refrigeración \ v.2. Componentes de un sistema de refrigeración \ 3. La carga de refrigeración
590 ## - NOTA LOCAL (RLIN)
Nota local TP492.7 G75 1972
650 ## - PUNTO DE ACCESO ADICIONAL DE MATERIA--TÉRMINO DE MATERIA
Término de materia o nombre geográfico como elemento de entrada Refrigeración
Subdivisión general Manuales
9 (RLIN) 150975
650 #0 - PUNTO DE ACCESO ADICIONAL DE MATERIA--TÉRMINO DE MATERIA
Término de materia o nombre geográfico como elemento de entrada Refrigeration
Subdivisión general Manuals, text-books, etc.
9 (RLIN) 159986
700 ## - PUNTO DE ACCESO ADICIONAL--NOMBRE DE PERSONA
Nombre de persona Barrenechea, Alberto, tr.
9 (RLIN) 159987
901 ## - ELEMENTOS DE DATOS A LOCAL LDA (RLIN)
a 621.56 G75 1972
902 ## - ELEMENTOS DE DATOS B LOCAL, LDB (RLIN)
a M
905 ## - ELEMENTOS DE DATOS E LOCAL, LDE (RLIN)
a 5232271972 mx dam 8222123322spa16
942 ## - ELEMENTOS DE PUNTO DE ACCESO ADICIONAL (KOHA)
Tipo de ítem Koha Libro
Fuente del sistema de clasificación o colocación Dewey Decimal Classification
Holdings
Estado de retiro Estado de pérdida Fuente del sistema de clasificación o colocación Estado dañado No para préstamo Código de colección Localización permanente Ubicación/localización actual Fecha de adquisición Información codificada de la localización en otra ubicación Enumeración/cronología de publicación seriada Total de préstamos Signatura topográfica completa Código de barras Fecha visto por última vez Fecha del último préstamo Número de copia Precio válido a partir de Tipo de ítem Koha
    Dewey Decimal Classification     General Ingenieria Agroindustrial Ingenieria Agroindustrial 18/01/2022 1 Volumen: 3 2 621.56 G75 1972 dia_005487 04/06/2024 04/06/2024 2 18/01/2022 Libro
    Dewey Decimal Classification     General Ingenieria Agroindustrial Ingenieria Agroindustrial 18/01/2022 1 Volumen: 1 1 621.56 G75 1972 dia_000278 20/09/2024 20/09/2024 1 18/01/2022 Libro
    Dewey Decimal Classification     General Ingenieria Agroindustrial Ingenieria Agroindustrial 18/01/2022 1 Volumen: 1 2 621.56 G75 1972 dia_000198 04/06/2024 04/06/2024 2 18/01/2022 Libro
    Dewey Decimal Classification     General Ingenieria Agroindustrial Ingenieria Agroindustrial 18/01/2022 1 Volumen: 2 1 621.56 G75 1972 dia_005433 21/09/2023 21/09/2023 1 18/01/2022 Libro
    Dewey Decimal Classification     General Ingenieria Agroindustrial Ingenieria Agroindustrial 18/01/2022 1 Volumen: 2   621.56 G75 1972 dia_005446 18/01/2022   2 18/01/2022 Libro
    Dewey Decimal Classification     General Ingenieria Agroindustrial Ingenieria Agroindustrial 18/01/2022 1 Volumen: 3   621.56 G75 1972 dia_002173 18/01/2022   1 18/01/2022 Libro